| 000 | 01009nam a2200277 a 4500 | ||
|---|---|---|---|
| 001 | C00290195c-5 | ||
| 005 | 20160811125200.0 | ||
| 008 | 160809s1993 ck fr 00110 spa d | ||
| 020 | _a9589047769 | ||
| 040 |
_aCO-BoUCM _bspa _cSaul Niño _dSaul Niño |
||
| 041 | 0 | _aspa | |
| 100 | 1 |
_aDíaz Villa, Mario _945219 |
|
| 245 | 1 | 3 |
_aEl campo intelectual de la educación en Colombia _cMario Díaz Villa |
| 260 |
_aCali (Valle del Cauca, Colombia) _bUniversidad del Valle _c1993 |
||
| 300 | _a263 páginas | ||
| 490 | 0 | _aTextos universitarios. Investigación | |
| 504 | _aIncluye referencias bibliográficas e índices | ||
| 650 | 7 |
_aEducación _xAspectos sociales _zColombia _933650 |
|
| 650 | 7 |
_aPedagogía _921215 |
|
| 650 | 7 |
_aEducación superior _9177 |
|
| 650 | 7 |
_aSociología de la educación _924780 |
|
| 690 | 0 |
_aTeoría de la educación _925273 |
|
| 700 | 1 |
_aValverde, Umberto _d1947- _eeditor _978646 |
|
| 942 |
_2DEWEY _a10 _cLIBRO _e1 _h378 _mD277ca |
||
| 999 |
_c303889 _d303889 |
||